Export potential of selected medicinal plants and their derivatives (Record no. 80354)

MARC details
000 -LEADER
fixed length control field 00507nam a2200145Ia 4500
008 - FIXED-LENGTH DATA ELEMENTS--GENERAL INFORMATION
fixed length control field 230917s9999||||xx |||||||||||||| ||und||
040 ## - CATALOGING SOURCE
-- 27746
Original cataloging agency VIVEKANANDA LIBRARY
041 ## - Language
-- English
082 ## - DDC NUMBER
Classification number 586.634 E67E
100 ## - MAIN ENTRY--PERSONAL NAME
Personal name Basic Chemicals, Pharmaceuticals and Cosmetics Export Promotion Council.
245 #0 - TITLE STATEMENT
Title Export potential of selected medicinal plants and their derivatives
260 ## - PUBLICATION, DISTRIBUTION, ETC. (IMPRINT)
Place of publication, distribution, etc Bombady
Name of publisher, distributor, etc Basic Chemicals, Pharmaceuticals and Cosmetics Export Promotion Council
Date of publication, distribution, etc n.d.
300 ## - PHYSICAL DESCRIPTION
Pages 278 p.
942 ## - ADDED ENTRY ELEMENTS (KOHA)
Koha item type Books
Holdings
Withdrawn status Lost status Damaged status Not for loan Location (home branch) Sublocation or collection (holding branch) Date acquired Koha issues (times borrowed) Koha full call number Accession No. Koha date last seen Koha item type
        VIVEKANANDA LIBRARY VIVEKANANDA LIBRARY 08/08/2002   586.634 E67E 156911 17/09/2023 Books
© Designed and Maintained by Vivekananda Library, MDU Rohtak